000 01331cam a22003737a 4500
003 CHAP
005 20220329133112.0
008 971013s1991 r 00010 d
010 _a2175
011 _a3147
035 _a2347
040 _cCHAP
090 _aTesis
100 0 0 _aNavar Hernández, Javier.
_980498
245 0 _aUso de modelos matemáticos en la planificación del abastecimiento forestal en la UAF No. 1 del estado de Durango
260 _aChapingo, Méx. :
_bEl Autor,
_c1991
300 _a73 h.
502 _aTesis (Ing. Agr. Esp. en Bosques) -- UACH. Diivisión de Ciencias Forestales
590 _aALEPH
_b10
_c20130110
_lUCH01
_h1212
590 _aBATCH-UPD
_b10
_c20130110
_lUCH01
_h0128
590 _aBATCH-UPD
_b10
_c20130110
_lUCH01
_h1327
590 _aBATCH-UPD
_b10
_c20130409
_lUCH01
_h2123
590 _aBATCH-UPD
_b10
_c20130410
_lUCH01
_h0834
590 _aBATCH-UPD
_b10
_c20130914
_lUCH01
_h0704
590 _aCONVERSION
_b10
_c20130109
_lUCH01
_h1302
650 1 4 _aBosques
_xAdministración
_xDurango.
_914014
650 1 4 _aBosques
_xDurango.
_914128
650 1 4 _aBosques
_xModelos matemáticos.
_914339
650 1 4 _aIndustrias forestales
_zDurango.
_958004
901 _aBK
942 _cFOLL
949 _bBC
_cTES
_d-11847
_eTS1
_h24440
_i2347
_si
949 _bBC
_cTES
_d-72482
_eTS2
_fc.2
_h24441
_i2347
_si
999 _c2175
_d2175